000 00828nam a22002055i 4500
001 168962
003 ES-MaACL
005 20230906213941.0
008 080707s1992 sp |||| | spa d
080 _a821.134.2 7 La fontana de oro.06
100 1 _aEsterán Abad, Pilar.
_948114
245 1 1 _a"La fontana de oro"
_b: tres desenlaces para una novela /
_cPilar Esterán Abad.
260 _a[S.l. :
_bs.n.,
_c1992?]
300 _ap. [77]-87 ;
_c24 cm.
500 _aSeparata de: Actas del Quinto Congreso Internacional de Estudios Galdosianos (1992)
600 0 _aPérez Galdós, Benito,
_d1843-1920.
_tLa fontana de oro
_9224772
711 2 _aCongreso Internacional de Estudios Galdosianos (
_n5º.
_d1992.
_cLas Palmas de Gran Canaria)
_9138084
852 _aES-MaACL
_j2232-F-2
_9R.138603
999 _c168962
_d168962